Представление документа в формате RUSMARC

ПолеНазваниеЗначение
  Тип записи a
  Библиографический уровень m
001 Контрольный номер RU/REG73/CBS_GRAD/2bfd8bdceaad434fbfd748893596c86f
005 Дата корректировки 20240131203734.4
010 Индекс ISBN __
9 Тираж 17000 экз.
100 Данные общей обработки __
a Данные общей обработки 20240111a2023####||| 0rusy0189 ca
101 Язык документа 0_
a Язык текста rus
102 Страна публикации __
a Страна публикации RU
200 Заглавие и сведения об ответственности 1_
a Заглавие № 51(1563)(декабрь)
210 Выходные данные 1_
d Дата издания 2023
461 Уровень набора _0
1 2001
e газета Государства Российского
a Завтра
f учредитель Редакция газеты-еженедельника Завтра
v № 51(1563)(декабрь)
1 2101
a Москва
d 1993-
1 001RU/REG73/CBS_GRAD/ef3c6341c2574dd58b57ad37f92da7b2
1 300
a Выходит еженедельно
801 Источник записи _0
a Страна RU
b Организация RuCBSGrad
c Дата составления 20240111
g Правила каталогизации RCR
801 Источник записи _1
a Страна RU
b Организация RuCBSGrad
c Дата составления 20240111
g Правила каталогизации RCR
852 Данные о местонахождении __
a Наименование организации МБУК "ЦБС г. Димитровграда"
m Каталогизатор Тенигина
901 Тип документа __
t Тип документа h
w Контрольный № источника RU/REG73/CBS_GRAD/ef3c6341c2574dd58b57ad37f92da7b2
909 Создатель записи __
a Создатель записи Тенигина